State of the World 1988 : A Worldwatch Institute Report on Progress Toward a Sustainable Society /

El Worldwatch Institute publica reportes sobre el estado del mundo desde mediados de los años 80, siempre con la perspectiva de la problemática ambiental en el centro. El instituto, preocupado por una desarrollo sustentable, aborda cada año temáticas particulares que deben ser atendidas para garanti...

Descripción completa

Guardado en:
Detalles Bibliográficos
Otros autores: Brown, Lester R. (dir.) Conductor, Starke, Linda (edición) (edición)
Formato: Libro
Idioma:Inglés
Publicado: Nueva York, EUA : Norton, 1988, c1988
Temas:
Etiquetas: Agrega una etiqueta
Sin etiquetas, Sé el primero en etiquetar este registro!

MARC

LEADER 00000nam^a2200000^a^4500
001 000035870
005 20250521000000.0
009 20260526114527.045
020 |a 0-393-30440-X 
037 |a Acervo ITESO - Biblioteca 
041 |a ING 
082 |a 333. 7  |b EST 1988 
100 |a Brown, Lester R.  |e (dir.) 
240 1 1 |a [Estado del mundo] 
245 1 0 |a State of the World 1988 :  |b A Worldwatch Institute Report on Progress Toward a Sustainable Society /  |c Dir. de L.R. Brown ; ed. de L. Starke 
264 4 |a Nueva York, EUA :  |b Norton,  |c 1988, c1988 
300 |a XVII, 237 p. 
336 |a texto  |b txt  |2 rdacontenido 
337 |a sin mediación  |b n  |2 rdamedio 
338 |a volumen  |b nc  |2 rdasoporte 
520 |a El Worldwatch Institute publica reportes sobre el estado del mundo desde mediados de los años 80, siempre con la perspectiva de la problemática ambiental en el centro. El instituto, preocupado por una desarrollo sustentable, aborda cada año temáticas particulares que deben ser atendidas para garantizar un desarrollo de tal naturaleza. 
649 |a XX 
650 |a Especies en Peligro de Extinción 
650 |a Recursos Energéticos 
650 |a Recursos Renovables 
650 |a Desechos Industriales 
650 |a Plaguicidas -  |x Contaminación 
650 |a Contaminación Ambiental 
650 |a Conservación y Protección Ambiental 
650 |a Desarrollo Sustentable -  |x Anuarios 
650 |a Ecología -  |x Historia -  |y 1980-1989 
650 |a Economía -  |x Historia -  |y 1980-1989 
650 |a Política Internacional -  |x Historia -  |y 1980-1989 
650 |a Anuarios 
700 |a Starke, Linda  |e (edición) 
910 |a Fondo General 
920 |a Impresos - Libros 
930 |a Obras de Referencia 
905 |a 102 
901 |a 0358700100  |b IT2  |c REF  |i 035870  |u 20250521 
902 |a https://opac.biblio.iteso.mx/vufind/Record/000035870